000
00287nam a22001337a 4500
008
170424b xxu||||| |||| 00| 0 eng d
020
_a
9780963047137
041
_a
eng
080
_a
54
100
_a
12
101
_a
SHM
245
_a
CHEMISTRY NOTES
_c
HUNTER, P.W.W
942
_2
udc
_c
BK
999
_c
11752
_d
11752